[Event "14. Obert Int. Sant Marti 2012"]
[Site "Barcelona ESP"]
[Date "2012.07.16"]
[Round "4.30"]
[White "Vigoa Apecheche, Yanira"]
[Black "Lopez Forn, Marc"]
[Result "1/2-1/2"]
[WhiteElo "2269"]
[BlackElo "2032"]
[PlyCount "86"]
[EventDate "2012.07.13"]
[EventType "swiss"]
[EventRounds "9"]
[EventCountry "ESP"]
[SourceTitle "Ajedrez en Madrid"]
[Source "lmi"]
[SourceDate "2012.07.13"]
[SourceVersion "1"]
[SourceVersionDate "2019.06.21"]
[SourceQuality "1"]

1. d4 e5 2. dxe5 Nc6 3. Nf3 Qe7 4. g3 Nxe5 5. Bg2 Nf6 6. O-O d6 7. Nc3 h6 8. a4
g5 9. a5 a6 10. b3 Bg7 11. Bb2 O-O 12. Ra2 Rd8 13. Qa1 Nc6 14. Ra4 Bf5 15. h4
d5 16. hxg5 hxg5 17. Qd1 Be4 18. Nxg5 Bxg2 19. Kxg2 d4 20. Na2 Ne4 21. Nxe4
Qxe4+ 22. f3 Qg6 23. Qd3 Re8 24. Rf2 Qxd3 25. exd3 Re1 26. Nb4 Ne7 27. Ra1 Re6
28. Na2 Nd5 29. f4 f5 30. Rh1 Ne3+ 31. Kf3 Rae8 32. Re2 Ng4 33. Rxe6 Rxe6 34.
Bc1 Bf8 35. c4 dxc3 36. Nxc3 Rc6 37. Ne2 Rc2 38. Rh5 Bb4 39. Rg5+ Kh7 40. Rxf5
Nh2+ 41. Kf2 Ng4+ 42. Kf3 Nh2+ 43. Kf2 Ng4+ 1/2-1/2

[Event "14. Obert Int. Sant Marti 2012"]
[Site "Barcelona ESP"]
[Date "2012.07.16"]
[Round "4.31"]
[White "Khairullin, Adel"]
[Black "Tomov, Georgi"]
[Result "0-1"]
[WhiteElo "2004"]
[BlackElo "2263"]
[PlyCount "54"]
[EventDate "2012.07.13"]
[EventType "swiss"]
[EventRounds "9"]
[EventCountry "ESP"]
[SourceTitle "Ajedrez en Madrid"]
[Source "lmi"]
[SourceDate "2012.07.13"]
[SourceVersion "1"]
[SourceVersionDate "2019.06.21"]
[SourceQuality "1"]

1. e4 e5 2. Nf3 Nc6 3. Bc4 Bc5 4. d3 Nf6 5. O-O d6 6. c3 Bb6 7. Nbd2 O-O 8. Re1
Ng4 9. Re2 Kh8 10. h3 Nh6 11. Nf1 f5 12. exf5 Nxf5 13. Rc2 Qf6 14. Qe1 h6 15.
N1h2 Nce7 16. Ng4 Qg6 17. Kh1 Qh5 18. Ngh2 Ng6 19. d4 Ngh4 20. dxe5 Qg6 21. Qf1
Nxf3 22. Nxf3 Ng3+ 23. fxg3 Qxc2 24. exd6 cxd6 25. Bf4 Qxb2 26. Bxd6 Rxf3 27.
gxf3 Bxh3 0-1

[Event "14. Obert Int. Sant Marti 2012"]
[Site "Barcelona ESP"]
[Date "2012.07.16"]
[Round "4.32"]
[White "Vazquez Gamero, Miguel"]
[Black "Palit, Somak"]
[Result "0-1"]
[WhiteElo "2088"]
[BlackElo "2393"]
[PlyCount "124"]
[EventDate "2012.07.13"]
[EventType "swiss"]
[EventRounds "9"]
[EventCountry "ESP"]
[SourceTitle "Ajedrez en Madrid"]
[Source "lmi"]
[SourceDate "2012.07.13"]
[SourceVersion "1"]
[SourceVersionDate "2019.06.21"]
[SourceQuality "1"]

1. e4 d5 2. exd5 Qxd5 3. Nc3 Qa5 4. d4 Nf6 5. Bd2 Qb6 6. Nf3 c6 7. Bc4 Bf5 8.
O-O e6 9. Bb3 Bd6 10. Qe2 Qc7 11. d5 Nxd5 12. Nxd5 cxd5 13. Bxd5 O-O 14. Be4
Bxe4 15. Qxe4 Nd7 16. Bc3 Nc5 17. Qg4 f5 18. Qc4 Rae8 19. Rfe1 Ne4 20. Qxc7
Bxc7 21. Be5 Bb6 22. Bd4 Bxd4 23. Nxd4 Kf7 24. f3 Nd6 25. Rad1 Kf6 26. b3 e5
27. Ne2 Nb5 28. c4 Nc7 29. Nc3 Rd8 30. Kf2 Ke6 31. Ke3 g6 32. Na4 Na6 33. a3 b6
34. Nc3 Nc7 35. a4 a5 36. g3 h5 37. Rg1 g5 38. f4 g4 39. fxe5 Kxe5 40. Rge1
Rxd1 41. Rxd1 Rf7 42. Nb5 Nxb5 43. Rd5+ Kf6 44. Rxb5 Re7+ 45. Kf2 Re6 46. c5
bxc5 47. Rxc5 Rb6 48. Rxa5 Rxb3 49. Rb5 Ra3 50. Rb4 Ra2+ 51. Kg1 Kg5 52. h4+
gxh3 53. Rh4 Rg2+ 54. Kh1 Rxg3 55. Rb4 Ra3 56. Kh2 f4 57. a5 Kg4 58. Rb5 Ra2+
59. Kh1 f3 60. Rb8 Ra1+ 61. Kh2 f2 62. Rg8+ Kh4 0-1

[Event "14. Obert Int. Sant Marti 2012"]
[Site "Barcelona ESP"]
[Date "2012.07.16"]
[Round "4.33"]
[White "Ryan, Joseph"]
[Black "Garcia Castellote, Oscar"]
[Result "1-0"]
[WhiteElo "2300"]
[BlackElo "2088"]
[PlyCount "81"]
[EventDate "2012.07.13"]
[EventType "swiss"]
[EventRounds "9"]
[EventCountry "ESP"]
[SourceTitle "Ajedrez en Madrid"]
[Source "lmi"]
[SourceDate "2012.07.13"]
[SourceVersion "1"]
[SourceVersionDate "2019.06.21"]
[SourceQuality "1"]

1. Nf3 Nf6 2. g3 g6 3. b3 Bg7 4. Bb2 O-O 5. Bg2 d6 6. d4 Nbd7 7. O-O e5 8. dxe5
Ng4 9. Qd2 dxe5 10. e4 c6 11. h3 Nh6 12. Rd1 f6 13. a4 a5 14. Na3 Nf7 15. Nc4
Bh6 16. Qe2 Re8 17. h4 Qc7 18. Bh3 Nc5 19. Bxc8 Raxc8 20. Ba3 Bf8 21. Bxc5 Bxc5
22. Kg2 Rcd8 23. h5 Kg7 24. Rh1 Bd4 25. Rad1 b5 26. Ncd2 Qb6 27. Nh4 Nh6 28.
hxg6 hxg6 29. Nxg6 Bxf2 30. Qh5 Be3 31. Nf3 Qc5 32. c4 Qa3 33. Ngh4 Qb2+ 34.
Kh3 Rxd1 35. Qg6+ Kf8 36. Qxf6+ Kg8 37. Qg6+ Kf8 38. Rxd1 Qxb3 39. Qf6+ Nf7 40.
Rd7 Qxc4 41. Rxf7+ 1-0

[Event "14. Obert Int. Sant Marti 2012"]
[Site "Barcelona ESP"]
[Date "2012.07.16"]
[Round "4.35"]
[White "Garcia Mosquera, David"]
[Black "Ortega Serra, Marc"]
[Result "0-1"]
[WhiteElo "2033"]
[BlackElo "2223"]
[PlyCount "87"]
[EventDate "2012.07.13"]
[EventType "swiss"]
[EventRounds "9"]
[EventCountry "ESP"]
[SourceTitle "Ajedrez en Madrid"]
[Source "lmi"]
[SourceDate "2012.07.13"]
[SourceVersion "1"]
[SourceVersionDate "2019.06.21"]
[SourceQuality "1"]

1. e4 d5 2. e5 c5 3. f4 Nc6 4. Nf3 h5 5. c3 Nh6 6. Be2 Bg4 7. d3 e6 8. Be3 Be7
9. Na3 d4 10. Bf2 Nf5 11. Nc2 Qa5 12. Qd2 Rd8 13. c4 Qb6 14. Rb1 g6 15. h3 Bxf3
16. Bxf3 Nb4 17. Nxb4 cxb4 18. Ke2 h4 19. Be4 Ng7 20. g4 hxg3 21. Bxg3 Rh5 22.
Rbg1 Nf5 23. Bf2 Kd7 24. a3 b3 25. Qc1 Bc5 26. Qf1 Rdh8 27. Qg2 Kc8 28. Bf3
R5h7 29. Bg4 Ng7 30. Qe4 Kb8 31. Rg2 a5 32. Rhg1 a4 33. h4 Qc6 34. Kf3 Nf5 35.
h5 Qe8 36. hxg6 fxg6 37. Ke2 Qf7 38. Bf3 Rg7 39. Rxg6 Rxg6 40. Rxg6 Rh7 41. Rg1
Nh4 42. Rg4 Nf5 43. Rg1 Qe7 44. Bg4 0-1

[Event "14. Obert Int. Sant Marti 2012"]
[Site "Barcelona ESP"]
[Date "2012.07.16"]
[Round "4.36"]
[White "Isgandarova, Khayala"]
[Black "Layola Barrionuevo, Javier"]
[Result "1-0"]
[WhiteElo "2206"]
[BlackElo "2061"]
[PlyCount "33"]
[EventDate "2012.07.13"]
[EventType "swiss"]
[EventRounds "9"]
[EventCountry "ESP"]
[SourceTitle "Ajedrez en Madrid"]
[Source "lmi"]
[SourceDate "2012.07.13"]
[SourceVersion "1"]
[SourceVersionDate "2019.06.21"]
[SourceQuality "1"]

1. e4 e5 2. Nf3 Nc6 3. Bc4 Nf6 4. d3 Be7 5. c3 d6 6. Nbd2 O-O 7. Bb3 h6 8. Nf1
Nh7 9. Ng3 Kh8 10. Qe2 Ng5 11. h4 Nxf3+ 12. Qxf3 Be6 13. Nf5 Bf6 14. Qh5 Bxf5
15. exf5 Qd7 16. Bxh6 e4 17. Bg5+ 1-0

[Event "14. Obert Int. Sant Marti 2012"]
[Site "Barcelona ESP"]
[Date "2012.07.16"]
[Round "4.37"]
[White "Deleyn, Gunter"]
[Black "Garriga Cazorla, Pere"]
[Result "0-1"]
[WhiteElo "2197"]
[BlackElo "2056"]
[PlyCount "96"]
[EventDate "2012.07.13"]
[EventType "swiss"]
[EventRounds "9"]
[EventCountry "ESP"]
[SourceTitle "Ajedrez en Madrid"]
[Source "lmi"]
[SourceDate "2012.07.13"]
[SourceVersion "1"]
[SourceVersionDate "2019.06.21"]
[SourceQuality "1"]

1. c4 g6 2. g3 Bg7 3. Nc3 d6 4. Bg2 e5 5. e3 Nf6 6. Nge2 O-O 7. O-O Nbd7 8. d3
a5 9. b3 Nh5 10. Bb2 f5 11. f4 Nhf6 12. Qd2 Re8 13. Nd5 c6 14. Nxf6+ Nxf6 15.
Rae1 Qc7 16. Nc3 Be6 17. Kh1 Rad8 18. e4 Bc8 19. Nd1 fxe4 20. dxe4 Kh8 21. Bc3
b6 22. Qb2 Nd7 23. a3 Nc5 24. Qc2 a4 25. bxa4 Rf8 26. Ne3 Qa7 27. a5 bxa5 28.
f5 a4 29. g4 Bf6 30. Rf3 g5 31. Nd1 Bd7 32. Bb4 Be8 33. Qf2 Bf7 34. Nb2 Rd7 35.
Rc3 Rfd8 36. Rd1 Qc7 37. Bxc5 dxc5 38. Rxd7 Qxd7 39. Rd3 Qe7 40. Qd2 Rd4 41.
Qa5 Qd6 42. Qc3 Bd8 43. Bf1 Qe7 44. Nxa4 Bc7 45. Nb2 Rxe4 46. h3 Rd4 47. Bg2
Qd6 48. a4 e4 0-1

[Event "14. Obert Int. Sant Marti 2012"]
[Site "Barcelona ESP"]
[Date "2012.07.16"]
[Round "4.39"]
[White "Leiro Giralt, Daniel"]
[Black "Diaz-flores Garcia, Pablo"]
[Result "1-0"]
[WhiteElo "2214"]
[BlackElo "2018"]
[PlyCount "57"]
[EventDate "2012.07.13"]
[EventType "swiss"]
[EventRounds "9"]
[EventCountry "ESP"]
[SourceTitle "Ajedrez en Madrid"]
[Source "lmi"]
[SourceDate "2012.07.13"]
[SourceVersion "1"]
[SourceVersionDate "2019.06.21"]
[SourceQuality "1"]

1. e4 e6 2. d4 d5 3. Nc3 Bb4 4. exd5 exd5 5. Bd3 c5 6. dxc5 d4 7. a3 Qa5 8.
axb4 Qxa1 9. Nd5 Kd7 10. Nc7 Nf6 11. Nxa8 Qa4 12. Bf4 Qxb4+ 13. Qd2 Qxc5 14.
Bxb8 b6 15. Bxa7 Bb7 16. Nxb6+ Kd8 17. Ne2 Bxg2 18. Rg1 Bf3 19. Qf4 Qa5+ 20. c3
Qa1+ 21. Qc1 Qxa7 22. Nxd4 Re8+ 23. Kf1 Qxb6 24. Nxf3 Qe6 25. Qg5 Qh3+ 26. Qg2
Qd7 27. Nd4 Qa4 28. Qf3 Re5 29. Nc6+ 1-0

[Event "14. Obert Int. Sant Marti 2012"]
[Site "Barcelona ESP"]
[Date "2012.07.16"]
[Round "4.40"]
[White "Jaramillo Ochoa, Mateo"]
[Black "Meza Martinez, Alcides Ivan"]
[Result "1-0"]
[WhiteElo "2030"]
[BlackElo "2187"]
[PlyCount "133"]
[EventDate "2012.07.13"]
[EventType "swiss"]
[EventRounds "9"]
[EventCountry "ESP"]
[SourceTitle "Ajedrez en Madrid"]
[Source "lmi"]
[SourceDate "2012.07.13"]
[SourceVersion "1"]
[SourceVersionDate "2019.06.21"]
[SourceQuality "1"]

1. e4 e6 2. d4 d5 3. Nc3 Bb4 4. e5 c5 5. a3 Bxc3+ 6. bxc3 Qc7 7. Nf3 Nc6 8. a4
Nge7 9. Bb5 Bd7 10. O-O Na5 11. Ba3 b6 12. Qe2 Rc8 13. Ra2 Ng6 14. g3 O-O 15.
h4 f5 16. Ng5 h6 17. Nh3 Bxb5 18. axb5 Rf7 19. h5 Nf8 20. dxc5 bxc5 21. Bxc5
Qxc5 22. Rxa5 Qxc3 23. Rfa1 Rcc7 24. Nf4 Rfe7 25. Ra6 Kf7 26. R1a3 Qb2 27. Ra2
Qb1+ 28. Kg2 Qb4 29. R6a4 Qc5 30. Rb2 Qc3 31. Rba2 Rb7 32. Ra6 Qb4 33. Qe3 Qxb5
34. Rxa7 Qd7 35. Ra8 Qc7 36. R2a4 Qxc2 37. Qa3 g5 38. hxg6+ Nxg6 39. Nxg6 Kxg6
40. Rg8+ Kh7 41. Rf8 Rg7 42. Rf4 Qb2 43. Qd6 Qb6 44. Rd8 Rge7 45. Ra4 Qxd6 46.
Rxd6 Kg6 47. Raa6 Kf7 48. Rd8 Rbd7 49. Rd6 Rxd8 50. Rxd8 Re8 51. Rd7+ Re7 52.
Rd8 Re8 53. Rd7+ Kg6 54. f4 Kh5 55. Kh3 Ra8 56. Rd6 Re8 57. Rd7 Kg6 58. Kg2 Rb8
59. Re7 Rb6 60. Rd7 Kh5 61. Rd6 Rb2+ 62. Kh3 d4 63. Rxe6 d3 64. Rf6 d2 65.
Rxf5+ Kg6 66. Rf6+ Kg7 67. Rd6 1-0

[Event "14. Obert Int. Sant Marti 2012"]
[Site "Barcelona ESP"]
[Date "2012.07.16"]
[Round "4.41"]
[White "Hernandez Moya, Yuleisy"]
[Black "Vilalta Vidal, Javier"]
[Result "0-1"]
[WhiteElo "2177"]
[BlackElo "1942"]
[PlyCount "56"]
[EventDate "2012.07.13"]
[EventType "swiss"]
[EventRounds "9"]
[EventCountry "ESP"]
[SourceTitle "Ajedrez en Madrid"]
[Source "lmi"]
[SourceDate "2012.07.13"]
[SourceVersion "1"]
[SourceVersionDate "2019.06.21"]
[SourceQuality "1"]

1. e4 c5 2. Nf3 d6 3. d4 cxd4 4. Nxd4 Nf6 5. Nc3 g6 6. Be2 Bg7 7. Be3 O-O 8.
Qd2 Nc6 9. O-O-O d5 10. exd5 Nxd5 11. Nxc6 bxc6 12. Nxd5 cxd5 13. Qxd5 Qc7 14.
Qc5 Qb7 15. Bd4 Bf5 16. c3 Rab8 17. Rd2 Rfc8 18. Qa3 Qe4 19. Bd3 Qxd4 20. Bxf5
Bh6 21. Bxc8 Qxd2+ 22. Kb1 Rxc8 23. Qxa7 Rd8 24. a4 Qd3+ 25. Ka1 Qe4 26. f3 Qc2
27. Qa5 Rb8 28. Rb1 Bc1 0-1

[Event "14. Obert Int. Sant Marti 2012"]
[Site "Barcelona ESP"]
[Date "2012.07.16"]
[Round "4.42"]
[White "Ponce Garcia, Joan"]
[Black "Porta Tovar, Guillem"]
[Result "0-1"]
[WhiteElo "2102"]
[BlackElo "1846"]
[PlyCount "90"]
[EventDate "2012.07.13"]
[EventType "swiss"]
[EventRounds "9"]
[EventCountry "ESP"]
[SourceTitle "Ajedrez en Madrid"]
[Source "lmi"]
[SourceDate "2012.07.13"]
[SourceVersion "1"]
[SourceVersionDate "2019.06.21"]
[SourceQuality "1"]

1. d4 Nf6 2. c4 g6 3. Nc3 Bg7 4. e4 d6 5. Be2 O-O 6. Nf3 e5 7. dxe5 dxe5 8.
Qxd8 Rxd8 9. Bg5 c6 10. O-O h6 11. Be3 Ng4 12. Bc5 Na6 13. Ba3 Nf6 14. Rad1 Bg4
15. Rxd8+ Rxd8 16. Rd1 Rxd1+ 17. Bxd1 Bxf3 18. Bxf3 Bf8 19. Bxf8 Kxf8 20. a3
Nc5 21. b4 Ne6 22. Bd1 Nd4 23. f3 Ke7 24. Kf2 Ne8 25. Ke3 Nc7 26. f4 f6 27. Ne2
Nce6 28. g3 g5 29. fxe5 fxe5 30. Nxd4 Nxd4 31. c5 b6 32. Kd3 Kd7 33. a4 bxc5
34. bxc5 a5 35. h4 gxh4 36. gxh4 Ke6 37. Bg4+ Ke7 38. Kc4 Nc2 39. Kd3 Ne1+ 40.
Ke2 Ng2 41. h5 Nf4+ 42. Ke3 Kf6 43. Bd7 Kg5 44. Bxc6 Ne6 45. Be8 Nxc5 0-1

[Event "14. Obert Int. Sant Marti 2012"]
[Site "Barcelona ESP"]
[Date "2012.07.16"]
[Round "4.43"]
[White "Molinero Martin, Joan"]
[Black "Porta Tovar, Oriol"]
[Result "1/2-1/2"]
[WhiteElo "2046"]
[BlackElo "1900"]
[PlyCount "89"]
[EventDate "2012.07.13"]
[EventType "swiss"]
[EventRounds "9"]
[EventCountry "ESP"]
[SourceTitle "Ajedrez en Madrid"]
[Source "lmi"]
[SourceDate "2012.07.13"]
[SourceVersion "1"]
[SourceVersionDate "2019.06.21"]
[SourceQuality "1"]

1. e4 e5 2. Nf3 Nc6 3. Bc4 Bc5 4. O-O d6 5. h3 Nf6 6. d3 Be6 7. Bb3 h6 8. c3
Bb6 9. Nbd2 O-O 10. Nc4 Ne7 11. Nxb6 axb6 12. Nh4 g5 13. Nf3 Ng6 14. Bxe6 fxe6
15. Nh2 Kh7 16. Ng4 Qd7 17. g3 Qf7 18. Kg2 d5 19. Nxf6+ Qxf6 20. Qh5 Nh8 21.
Be3 Rg8 22. Rh1 Raf8 23. Qe2 Ng6 24. Kf1 d4 25. Bd2 Qf3 26. Qxf3 Rxf3 27. Ke2
Rgf8 28. Rhf1 R3f7 29. a4 Ne7 30. a5 bxa5 31. Rxa5 Nc6 32. Ra4 Kg6 33. c4 h5
34. b4 g4 35. hxg4 hxg4 36. b5 Nd8 37. Bb4 Rh8 38. Ra8 Rd7 39. c5 Rh2 40. Ra7
c6 41. Ba5 cxb5 42. Bxd8 Rxd8 43. Rxb7 Ra8 44. Rxb5 Ra2+ 45. Ke1 1/2-1/2

[Event "14. Obert Int. Sant Marti 2012"]
[Site "Barcelona ESP"]
[Date "2012.07.16"]
[Round "4.44"]
[White "Avila Gimenez, Xavier"]
[Black "Severri Arrese, Carlos"]
[Result "1-0"]
[WhiteElo "2307"]
[BlackElo "1996"]
[PlyCount "99"]
[EventDate "2012.07.13"]
[EventType "swiss"]
[EventRounds "9"]
[EventCountry "ESP"]
[SourceTitle "Ajedrez en Madrid"]
[Source "lmi"]
[SourceDate "2012.07.13"]
[SourceVersion "1"]
[SourceVersionDate "2019.06.21"]
[SourceQuality "1"]

1. d4 d6 2. c4 e5 3. d5 g6 4. e4 Bg7 5. g3 Nf6 6. Nc3 Nbd7 7. Bg2 a5 8. Nge2
Nc5 9. O-O h5 10. h3 h4 11. g4 Nh7 12. Be3 g5 13. Qd2 Bf6 14. Qc2 Nf8 15. a3 a4
16. Bxc5 dxc5 17. Nxa4 b6 18. b4 Bd7 19. Nec3 Be7 20. bxc5 bxc5 21. Rfb1 Ng6
22. Bf3 O-O 23. Kh2 Ra6 24. Nb2 Rf6 25. Bd1 Qc8 26. f3 c6 27. a4 Qa6 28. Be2
Nf4 29. Bf1 Bd8 30. Nd3 Nxd3 31. Qxd3 Ba5 32. Rb3 Bb4 33. Qe3 Rg6 34. dxc6 Bxc6
35. Nd5 Bxd5 36. exd5 Qd6 37. Qe4 Rf6 38. Bd3 Rg6 39. Ra2 Ra8 40. Bc2 Ra5 41.
Re3 Bd2 42. Rb3 Kf8 43. Rab2 Bb4 44. Re3 Bd2 45. Re2 Bc3 46. Rb7 Rf6 47. Kg2
Rf4 48. Qh7 e4 49. Rxe4 Rxg4+ 50. Rxg4 1-0

[Event "14. Obert Int. Sant Marti 2012"]
[Site "Barcelona ESP"]
[Date "2012.07.16"]
[Round "4.45"]
[White "Capellades Subirana, Marc"]
[Black "Pulvett, Daniel"]
[Result "0-1"]
[WhiteElo "2233"]
[BlackElo "2383"]
[PlyCount "62"]
[EventDate "2012.07.13"]
[EventType "swiss"]
[EventRounds "9"]
[EventCountry "ESP"]
[SourceTitle "Ajedrez en Madrid"]
[Source "lmi"]
[SourceDate "2012.07.13"]
[SourceVersion "1"]
[SourceVersionDate "2019.06.21"]
[SourceQuality "1"]

1. e4 c5 2. Nf3 d6 3. d4 cxd4 4. Nxd4 Nf6 5. Nc3 a6 6. Bd3 Nc6 7. Nxc6 bxc6 8.
O-O g6 9. Bg5 Bg7 10. Qd2 h6 11. Be3 Ng4 12. Bf4 g5 13. Bg3 Rb8 14. Rab1 Qa5
15. f3 Ne5 16. f4 gxf4 17. Bxf4 Ng6 18. Be3 Be6 19. b4 Qh5 20. Ne2 Rg8 21. Ng3
Qg4 22. Rf3 Be5 23. h3 Qxf3 24. gxf3 Nh4 25. Kf2 Rxg3 26. Ke2 Nxf3 27. Qc1 Rxh3
28. Qa3 Bg4 29. Qxa6 Nd4+ 30. Kd2 Rh2+ 31. Kc3 Nxc2+ 0-1

[Event "14. Obert Int. Sant Marti 2012"]
[Site "Barcelona ESP"]
[Date "2012.07.16"]
[Round "4.46"]
[White "Tarrago Domingo, Miguel"]
[Black "De Azua Arpi, Rafael"]
[Result "1-0"]
[WhiteElo "2046"]
[BlackElo "1952"]
[PlyCount "117"]
[EventDate "2012.07.13"]
[EventType "swiss"]
[EventRounds "9"]
[EventCountry "ESP"]
[SourceTitle "Ajedrez en Madrid"]
[Source "lmi"]
[SourceDate "2012.07.13"]
[SourceVersion "1"]
[SourceVersionDate "2019.06.21"]
[SourceQuality "1"]

1. Nf3 d5 2. d4 Nf6 3. Bf4 Bf5 4. e3 e6 5. c4 c6 6. Nc3 Nbd7 7. Rc1 Qb6 8. Qb3
Qxb3 9. axb3 Bb4 10. Be2 h6 11. O-O Nh5 12. Bg3 Nxg3 13. hxg3 O-O 14. Rfd1 Rfe8
15. Nh4 Bh7 16. Bd3 Bxd3 17. Rxd3 Nf6 18. Nf3 Ne4 19. Na2 Bd6 20. Nc3 Rad8 21.
Nd2 f5 22. Ne2 g5 23. f4 Re7 24. c5 Bb8 25. Nxe4 fxe4 26. Rdd1 Rg7 27. Kf2 Rf8
28. Rh1 e5 29. dxe5 Bxe5 30. Rxh6 Bxb2 31. Rch1 Ba3 32. Nd4 Re8 33. Nf5 Ree7
34. Rh8+ Kf7 35. Nxg7 Kxg7 36. R1h7+ Kf6 37. fxg5+ Ke6 38. g6 Bb2 39. Rxe7+
Kxe7 40. Rh7+ Kf6 41. Rxb7 Kxg6 42. Rxa7 d4 43. exd4 Bxd4+ 44. Ke2 Bxc5 45. Ra6
Bd4 46. Rxc6+ Kg5 47. b4 Kg4 48. Rc4 Bb6 49. Rxe4+ Kxg3 50. Re6 Bc7 51. Rg6+
Kf4 52. Kd3 Ke5 53. Kc4 Kf5 54. Rc6 Bg3 55. b5 Ke4 56. b6 Bf2 57. Re6+ Kf5 58.
Kd5 Bg3 59. b7 1-0

[Event "14. Obert Int. Sant Marti 2012"]
[Site "Barcelona ESP"]
[Date "2012.07.16"]
[Round "4.47"]
[White "Masferrer Niubo, Enric"]
[Black "Fernandez Aguilar, Francisco"]
[Result "0-1"]
[WhiteElo "2000"]
[BlackElo "1946"]
[PlyCount "80"]
[EventDate "2012.07.13"]
[EventType "swiss"]
[EventRounds "9"]
[EventCountry "ESP"]
[SourceTitle "Ajedrez en Madrid"]
[Source "lmi"]
[SourceDate "2012.07.13"]
[SourceVersion "1"]
[SourceVersionDate "2019.06.21"]
[SourceQuality "1"]

1. e4 e5 2. Nf3 Nc6 3. Bc4 Nf6 4. d4 exd4 5. e5 d5 6. Bb5 Ne4 7. Nxd4 Bd7 8.
Bxc6 bxc6 9. O-O Bc5 10. f3 Ng5 11. f4 Ne4 12. Nc3 Nxc3 13. bxc3 O-O 14. Be3
Qe7 15. Qf3 f6 16. Qf2 Bb6 17. Nf3 Bg4 18. Bxb6 axb6 19. exf6 Qxf6 20. Ne5 Bf5
21. c4 Rfd8 22. c5 b5 23. c3 Ra3 24. Qd2 Rda8 25. Rf2 R8a4 26. g4 Be4 27. Qe3
b4 28. Rb2 Rxc3 29. Qxc3 bxc3 30. Rb8+ Qf8 31. Rxf8+ Kxf8 32. Nxc6 d4 33. Ne5
c2 34. Kf2 Rxa2 35. Rc1 Ra3 36. Nc4 Rd3 37. Nb2 Rc3 38. Ke2 Rh3 39. Ke1 Rxh2
40. Nc4 d3 0-1

[Event "14. Obert Int. Sant Marti 2012"]
[Site "Barcelona ESP"]
[Date "2012.07.16"]
[Round "4.48"]
[White "Franch Guiral, Ramon"]
[Black "Ruiz Molina, Gabriel"]
[Result "1/2-1/2"]
[WhiteElo "1948"]
[BlackElo "1945"]
[PlyCount "35"]
[EventDate "2012.07.13"]
[EventType "swiss"]
[EventRounds "9"]
[EventCountry "ESP"]
[SourceTitle "Ajedrez en Madrid"]
[Source "lmi"]
[SourceDate "2012.07.13"]
[SourceVersion "1"]
[SourceVersionDate "2019.06.21"]
[SourceQuality "1"]

1. Nf3 Nf6 2. d3 c5 3. e4 d6 4. g3 Nc6 5. Bg2 Bg4 6. O-O Qd7 7. Nbd2 e5 8. c3
Be7 9. Qc2 Rc8 10. a4 O-O 11. Nc4 Rfd8 12. Bg5 h6 13. Bxf6 Bxf6 14. Ne3 Be6 15.
Nd2 Ne7 16. f4 exf4 17. gxf4 Bh3 18. Nf3 1/2-1/2

[Event "14. Obert Int. Sant Marti 2012"]
[Site "Barcelona ESP"]
[Date "2012.07.16"]
[Round "4.49"]
[White "Cardenas, Fernando Adrian"]
[Black "Escobar Figueroa, Sandra"]
[Result "1/2-1/2"]
[WhiteElo "1916"]
[BlackElo "1842"]
[PlyCount "88"]
[EventDate "2012.07.13"]
[EventType "swiss"]
[EventRounds "9"]
[EventCountry "ESP"]
[SourceTitle "Ajedrez en Madrid"]
[Source "lmi"]
[SourceDate "2012.07.13"]
[SourceVersion "1"]
[SourceVersionDate "2019.06.21"]
[SourceQuality "1"]

1. Nf3 d5 2. c4 c6 3. d4 Nf6 4. Nc3 e6 5. Bg5 Nbd7 6. e3 h6 7. Bh4 Be7 8. Bd3
b6 9. O-O Bb7 10. Qe2 O-O 11. e4 dxe4 12. Nxe4 c5 13. Rad1 Nxe4 14. Bxe7 Qxe7
15. Bxe4 Bxe4 16. Qxe4 cxd4 17. Rxd4 Nc5 18. Qe2 Rfd8 19. Rfd1 Rxd4 20. Rxd4
Rd8 21. Qd1 Rxd4 22. Qxd4 Qd7 23. b4 Qxd4 24. Nxd4 Nd3 25. Nc6 a6 26. Kf1 Kf8
27. a3 Ke8 28. Nb8 Ne5 29. Nxa6 Nxc4 30. Nc7+ Kd7 31. Nb5 Kc6 32. Nd4+ Kd5 33.
Nc2 Kc6 34. Ke2 b5 35. Kd3 Kd5 36. Kc3 Nb6 37. f3 f5 38. Ne3+ Ke5 39. Nc2 Nd5+
40. Kb3 Nb6 41. Kc3 Nd5+ 42. Kb3 Nb6 43. Kc3 Nd5+ 44. Kb3 Nb6 1/2-1/2

[Event "14. Obert Int. Sant Marti 2012"]
[Site "Barcelona ESP"]
[Date "2012.07.16"]
[Round "4.50"]
[White "Garcia Acosta, Roger"]
[Black "Roig Ruiz, Carles"]
[Result "1/2-1/2"]
[WhiteElo "1894"]
[BlackElo "1832"]
[PlyCount "185"]
[EventDate "2012.07.13"]
[EventType "swiss"]
[EventRounds "9"]
[EventCountry "ESP"]
[SourceTitle "Ajedrez en Madrid"]
[Source "lmi"]
[SourceDate "2012.07.13"]
[SourceVersion "1"]
[SourceVersionDate "2019.06.21"]
[SourceQuality "1"]

1. e4 e6 2. d4 d5 3. Nc3 Nf6 4. e5 Nfd7 5. Nce2 c5 6. c3 Nc6 7. f4 Be7 8. Nf3
O-O 9. g3 b5 10. a3 a5 11. dxc5 Nxc5 12. Ned4 Nxd4 13. cxd4 Ne4 14. Bxb5 Qb6
15. Bd3 Ba6 16. O-O Rfc8 17. Bxa6 Rxa6 18. Qe2 Raa8 19. Be3 Rc4 20. Rac1 Rac8
21. Rxc4 Rxc4 22. Rc1 Rxc1+ 23. Bxc1 Kf8 24. Qc2 Ke8 25. Be3 Kd7 26. Ne1 Qb5
27. a4 Qb6 28. Nd3 g6 29. Nf2 Nxf2 30. Kxf2 Bb4 31. b3 Be7 32. Ke2 Bd8 33. Qd3
Kc6 34. Kd2 Be7 35. Kc2 Kb7 36. Bd2 h5 37. Bc3 Ba3 38. h3 Qc6 39. g4 hxg4 40.
hxg4 Be7 41. Kb2 Bd8 42. f5 gxf5 43. gxf5 Bb6 44. fxe6 fxe6 45. Qh7+ Ka6 46.
Qe7 Bc7 47. Qc5 Qd7 48. b4 axb4 49. Qxb4 Qc6 50. Kb3 Qb6 51. Ka3 Qc6 52. Qc5
Qb6 53. Qe7 Qc6 54. Kb2 Qb6+ 55. Kc2 Qc6 56. Qc5 Qxa4+ 57. Kd2 Qd7 58. Qf8 Qc6
59. Qc8+ Ka7 60. Bb4 Qb7 61. Bc5+ Ka6 62. Qxe6+ Ka5 63. Qf5 Kb5 64. e6 Ba5+ 65.
Ke3 Qg7 66. Qxd5 Qg3+ 67. Qf3 Qg5+ 68. Kf2 Qh4+ 69. Kg2 Qg5+ 70. Qg3 Qd5+ 71.
Qf3 Qxe6 72. Qd3+ Ka4 73. d5 Qg4+ 74. Kf1 Qf4+ 75. Bf2 Bb6 76. Qc2+ Ka3 77.
Qc3+ Ka2 78. Qc2+ Ka3 79. Qd3+ Kb2 80. Qb5+ Kc3 81. Qxb6 Qc4+ 82. Ke1 Qxd5 83.
Qe3+ Kc4 84. Qc1+ Kb5 85. Qb2+ Kc6 86. Qc3+ Kd6 87. Bg3+ Ke7 88. Qc7+ Qd7 89.
Bh4+ Ke6 90. Qc3 Qd5 91. Qf6+ Kd7 92. Qd8+ Kc6 93. Qc8+ 1/2-1/2